00866 2200253 4500001002100000005001500021035002500036007000300061008004100064020001400105040001700119082001600136090002200152110005600174245017800230260004700408300003600455650003500491850001200526084001800538022001400556990002200570990002000592YOGYA-0209000006904220210216104443 a0010-020900000069042ta090227s2005 yoij grr 0 ind d a0304.1484 aYOPDYOGbind04223a647.025 aDEP 647.025 BAD d aYogyakarta (Daerah Istimewa). BADAN PUSAT STATISTIK00aDirektori hotel dan akomodasi lainnya Provinsi Daerah Istimewa Yogyakarta=Directory of hotels and other accommodations D.I. Yogyakarta Province 2005 /cBadan Pusat Statistik3 aYogyakarta :bBadan Pusat Statistik,c2005 av, 118 lembar :btabel ;c29 cm 4aHotel, losmen dsb--vDirectori aYOPDYOG a647.025 BAD d a0304.1484 aCB-D.11/2008-2085 a66720-PD/A.2005